Drogová politika SR - sociologická reflexia diskurzu a metód
Priblíženie drogovej problematiky. Drogová situácia na Slovensku, historický prehľad konštrukcie tzv. "drogového diskurzu". Drogové problémy ako ústredná kategória drogového diskurzu. Prevencia užívania drog ako hlavná metóda znižovania dopytu po drogách. Znižovanie ponuky drog - represívne aktivity...
Uložené v:
| Hlavný autor: | |
|---|---|
| Médium: | Kapitola |
| Jazyk: | Slovak |
| Predmet: | |
| Tagy: |
Žiadne tagy, Buďte prvý, kto otaguje tento záznam!
|
MARC
| LEADER | 00000naa$a2200000$$$4500 | ||
|---|---|---|---|
| 001 | 0042190 | ||
| 005 | 20231102115937.8 | ||
| 041 | 0 | |a slo | |
| 044 | |a SK | ||
| 245 | 1 | 0 | |a Drogová politika SR - sociologická reflexia diskurzu a metód |c Radoslav Fedačko |
| 520 | |a Priblíženie drogovej problematiky. Drogová situácia na Slovensku, historický prehľad konštrukcie tzv. "drogového diskurzu". Drogové problémy ako ústredná kategória drogového diskurzu. Prevencia užívania drog ako hlavná metóda znižovania dopytu po drogách. Znižovanie ponuky drog - represívne aktivity. | ||
| 610 | 2 | 0 | |a drogy |
| 610 | 2 | 0 | |a história |
| 610 | 2 | 0 | |a ponuka |
| 610 | 2 | 0 | |a dopyt |
| 610 | 2 | 0 | |a prevencia |
| 610 | 2 | 0 | |a Slovensko |
| 100 | 1 | |a Fedačko, Radoslav | |